Lanean...
Mergers and acquisitions: Text and cases
| Egile nagusia: | |
|---|---|
| Formatua: | Printed Book |
| Argitaratua: |
Sage Publication, London
2007
|
| Gaiak: |
| LEADER | 00518nam a2200157 4500 | ||
|---|---|---|---|
| 082 | |a 658.162 BOE-M | ||
| 100 | |a Boeh, Kevin K and Beamish, Paul W | ||
| 245 | |a Mergers and acquisitions: Text and cases |c Boeh, Kevin K and Beamish, Paul W | ||
| 250 | |||
| 260 | |a Sage Publication, London |c 2007 | ||
| 300 | |a 444 p | ||
| 490 | |||
| 650 | |a Mergers and acquisition | ||
| 942 | |c BK | ||
| 999 | |c 127692 |d 127692 | ||
| 952 | |0 0 |1 0 |4 0 |6 658_162000000000000_BOEM |7 0 |9 141154 |a COM |b COM |l 0 |o 658.162 BOE-M |p COM04536 |r 2019-10-24 |w 2019-10-24 |y BK | ||